Vademecum de l'assurance des particuliers /

Bibliographic Details
Main Author: Noel, Francis, (Author)
Format: eBook
Language:French
Published: Boucherville, Quebec Canada ; Paris : Franel editions, [2019]
Edition:4e edition.
Subjects:
Online Access:Click to View
LEADER 01560nam a2200397 i 4500
001 EBC5651345
003 MiAaPQ
005 20191119133114.0
006 m o d |
007 cr cnu||||||||
008 191119s2019 quc o 001 0 fre d
020 |z 9782896036448 
020 |a 9782896037063  |q (electronic bk.) 
035 |a (MiAaPQ)EBC5651345 
035 |a (Au-PeEL)EBL5651345 
035 |a (OCoLC)1084448166 
040 |a MiAaPQ  |b eng  |e rda  |e pn  |c MiAaPQ  |d MiAaPQ 
050 4 |a HG8051  |b .N65 2019 
082 0 |a 368  |2 23 
100 1 |a Noel, Francis,  |e author. 
245 1 0 |a Vademecum de l'assurance des particuliers /  |c Francis Noel. 
250 |a 4e edition. 
264 1 |a Boucherville, Quebec Canada ;  |a Paris :  |b Franel editions,  |c [2019] 
264 4 |c 2019 
300 |a 1 online resource (142 pages) 
336 |a text  |b txt  |2 rdacontent 
337 |a computer  |b c  |2 rdamedia 
338 |a online resource  |b cr  |2 rdacarrier 
500 |a Includes index. 
588 |a Description based on print version record. 
590 |a Electronic reproduction. Ann Arbor, MI : ProQuest, 2018. Available via World Wide Web. Access may be limited to ProQuest affiliated libraries. 
650 0 |a Insurance. 
655 4 |a Electronic books. 
776 0 8 |i Print version:  |a Noel, Francis.  |t Vademecum de l'assurance des particuliers.  |b 4e edition  |d Boucherville, Quebec Canada ; Paris : Franel editions, c2019   |h 142 pages   |z 9782896036448 
797 2 |a ProQuest (Firm) 
856 4 0 |u https://ebookcentral.proquest.com/lib/matrademy/detail.action?docID=5651345  |z Click to View